| 000 -LEADER |
| fixed length control field |
01123nam a22002177a 4500 |
| 005 - DATE AND TIME OF LATEST TRANSACTION |
| control field |
20240215134828.0 |
| 008 - FIXED-LENGTH DATA ELEMENTS--GENERAL INFORMATION |
| fixed length control field |
240215b ||||| |||| 00| 0 eng d |
| 020 ## - INTERNATIONAL STANDARD BOOK NUMBER |
| International Standard Book Number |
9781788004565 |
| 040 ## - CATALOGING SOURCE |
| Transcribing agency |
KH8 |
| 082 ## - DEWEY DECIMAL CLASSIFICATION NUMBER |
| Classification number |
823.92 SKY |
| 100 ## - MAIN ENTRY--PERSONAL NAME |
| Personal name |
Sykes, Julie |
| Relator term |
Author |
| 245 ## - TITLE STATEMENT |
| Title |
Ariana and Whisper |
| Statement of responsibility, etc. |
Julie Sykes |
| 260 ## - PUBLICATION, DISTRIBUTION, ETC. |
| Place of publication, distribution, etc. |
London, |
| Name of publisher, distributor, etc. |
Nosy Crow, |
| Date of publication, distribution, etc. |
2019 |
| 300 ## - PHYSICAL DESCRIPTION |
| Extent |
1 volume : |
| Other physical details |
illustrations (black and white) ; |
| Dimensions |
20 cm |
| 520 ## - SUMMARY, ETC. |
| Summary, etc. |
Imagine a school where you meet your own unicorn and have amazing adventures together! That's what happens for the girls at Unicorn Academy on beautiful Unicorn Island. Ariana loves hanging out at the Unicorn Academy stables and looking after her beautiful unicorn, Whisper. She just hopes that their differences won't stop them bonding! All the animals are leaving the Verdant Forest, and everyone is worried. Ariana and Whisper will need all their courage to protect their friends and bring the animals safely home<br/> |
| 650 ## - SUBJECT ADDED ENTRY--TOPICAL TERM |
| Topical term or geographic name entry element |
Boarding schools |
| Form subdivision |
Fiction |
| 650 ## - SUBJECT ADDED ENTRY--TOPICAL TERM |
| Topical term or geographic name entry element |
Fantasy fiction |
| 650 ## - SUBJECT ADDED ENTRY--TOPICAL TERM |
| Topical term or geographic name entry element |
Juvenile works |
| 700 ## - ADDED ENTRY--PERSONAL NAME |
| Personal name |
Lucy Truman |
| Relator term |
Illustrator |
| 942 ## - ADDED ENTRY ELEMENTS (KOHA) |
| Source of classification or shelving scheme |
|
| Koha item type |
Books - Fiction |